000 00312nam a22001217a 4500
082 _a994.06305
_bWHE
100 _aWheare, K.C.
245 _aFederal Government /
_cK.C. Wheare
260 _a London :
_bOxford University Press,
_c1968.
300 _a266 p. ;
_c21 cm.
563 _aHB.
942 _2ddc
_cBK
999 _c616245
_d616245